000 00276nam a22001217a 4500
008 170927b xxu||||| |||| 00| 0 eng d
041 _aeng
080 _27 ED
_a37
100 _a47
101 _aEDU
245 _aSTANDARD HANDBOOK SECRETARIES
_cHILL.M
942 _2udc
_cBK
999 _c30271
_d30271